Normal view
MARC view
- Usha, V
Entry Personal Name
001 - CONTROL NUMBER
- control field: 2987
003 - CONTROL NUMBER IDENTIFIER
- control field: OSt
005 - DATE AND TIME OF LATEST TRANSACTION
- control field: 20180303122940.0
008 - FIXED-LENGTH DATA ELEMENTS
- fixed length control field: 180303|| aca||aabn | a|a d
040 ## - CATALOGING SOURCE
- Original cataloging agency: OSt
- Transcribing agency: OSt
100 ## - HEADING--PERSONAL NAME
- Personal name: Usha, V
670 ## - SOURCE DATA FOUND
- Source citation: Work cat.: (OSt)15332: JAYAN, P. R 2869, Planning and design of appropriate irrigation systems for KCAET farm, 1990
